| 000 | 00773cam a2200253I 4500 | ||
|---|---|---|---|
| 999 |
_c4505 _d4505 |
||
| 001 | 3563924 | ||
| 003 | OCoLC | ||
| 005 | 20181206170334.0 | ||
| 008 | 780117s1962 miua bf 000 0 eng d | ||
| 035 | _a(OCoLC)3563924 | ||
| 040 |
_aEXB _cEXB _dOCL _dOCLCG |
||
| 082 |
_aREF 220 _bH187H |
||
| 090 |
_aBS417 _b.B48 1962 |
||
| 092 |
_a220.2 _bH187h |
||
| 100 | 1 |
_aHalley, Henry Hampton, _d1874-1965. |
|
| 245 | 1 | 0 |
_aHalley's Bible handbook : _ban abbreviated Bible commentary / _cby Henry H. Halley. |
| 250 | _a23rd ed. | ||
| 260 |
_aGrand Rapids, Mich. : _bZondervan Pub House, _c1962. |
||
| 300 |
_a968 p. _billus. _c17 cm. |
||
| 504 | _aBibliography. | ||
| 630 | 0 | 0 |
_aBible _vHandbooks, manuals, etc. |
| 650 | 0 |
_aChurch history _vOutlines, syllabi, etc. |
|
| 942 |
_2ddc _cREF |
||